000
00281nam a22001337a 4500
008
170221b xxu||||| |||| 00| 0 eng d
020
_a
0721690475
041
_a
eng
080
_a
615
100
_a
5
101
_a
SHF
245
_a
PHARMACOLOGY
_c
McCUISTION.L.E
942
_2
udc
_c
BK
999
_c
5980
_d
5980